00722pab a2200193 454500008004000000100002000040245016400060260000900224300001200233362000800245650003200253650002500285700002200310700002000332773004600352909001000398999001700408952010300425180718b2005 xxu||||| |||| 00| 0 eng d aPanda, Tapan K. aFrom tacit to explicit: role of business intelligence and employee commitment in bridging the divide between human resource management and knowledge management c2005 ap.7-16. aDec aHuman resources development aKnowledge management aMishra, Subrat K. aPanda, Tapas K. aThe ICFAI Journal of Knowledge Management a67945 c67945d67945 00104070aIIPAbIIPAd2018-07-19hVolume no: 3, Issue no: 4pAR68401r2018-07-19w2018-07-19yAR